Pays qui possédaient Bruxelles à travers l'histoire - Statistiques

Statistiques générales
  • Ce quiz a été pris 275 fois
    121 depuis la dernière actualisation
  • Le résultat moyen est 7 sur 10
Statistiques - réponses
Période Pays % Correct
1940-1944 Reichskommissariat de Belgique et du Nord de la France
99%
1804-1815 Empire Français
98%
1792-1804 République Français
97%
1830-Aujourd'hui Royaume de Belgique
94%
1815-1830 Royaume-Uni des Pays-Bas
94%
1516-1713 Royaume d'Espagne
77%
1713-1792 Archiduché d'Autriche
50%
976 - 1806 Saint Empire Romain Germanique
48%
1430-1516 Duché de Bourgogne
23%
976-1430 Duché de Brabant
16%
Aucun quiz correspondant
Distribution des résultats
% des personnes avec chaque résultat
Percentile par nombre de réponses
Votre historique - résultats
Vous n’avez pas pris ce quiz depuis la dernière actualisation